Diderot i el teatre / Joan Casas
ISBN:
84-85905-29-6
Descripción Física:
77 p. ; 18 cm
MARC
| LEADER | 00000nam a2200000Ia 4500 | ||
|---|---|---|---|
| 001 | 2263 | ||
| 008 | 160829s1986 xx 000 0 cat d | ||
| 020 | |a 84-85905-29-6 | ||
| 080 | |a B-2-3 | ||
| 100 | |a Casas, Joan, |d 1950- |9 23157 | ||
| 245 | |a Diderot i el teatre / Joan Casas | ||
| 260 | |a Barcelona : |b Institut del Teatre, Diputació de Barcelona, |c 1986 | ||
| 300 | |a 77 p. ; |c 18 cm | ||
| 490 | |a Materials pedagògics / Diputació de Barcelona ; 2 | ||
| 590 | |a Bibliografia. | ||
| 590 | |a Cronologia. | ||
| 590 | |a Índexs | ||
| 650 | |a Diderot, Denis |x Crítica i interpretació |9 23158 | ||
| 650 | |a Diderot, Denis |x Teatre |9 23159 | ||
| 710 | 1 | |a Institut del Teatre (Barcelona, Catalunya) |9 52662 | |
| 901 | |a Arxiu | ||
| 942 | |n 1 | ||
| 952 | |0 0 |1 0 |4 0 |6 B23 |7 1 |9 42562 |a Arxiu |b Arxiu |d 2016-12-01 |l 0 |o B-2-3 |p 2263 |r 2016-12-01 00:00:00 |w 2016-12-01 |y ARXIU | ||
| 999 | |c 45067 |d 45067 | ||